| 000 | 00771nam a22002177a 4500 | ||
|---|---|---|---|
| 008 | 090530t xxu||||| |||| 00| 0 eng d | ||
| 010 | _aB-328867 | ||
| 020 |
_a9780099536994 _c240-00 |
||
| 035 | _aB-328867 | ||
| 037 |
_aUBH _bRP/CL/E;15/20.05.09/25.05.09/28.05.09/29.05.09 |
||
| 040 |
_adpl _bEng |
||
| 082 | _aN | ||
| 100 | _aGrisham,John | ||
| 245 |
_aThe Associate _cby/John Grisham |
||
| 260 |
_aLondon _bArrow Books _c2009 |
||
| 270 |
_aRandom House 20 Vaushall Bridge Road _bLondon |
||
| 300 |
_a485pg _c17cm |
||
| 942 |
_2ddc _cEN _hN _mGRI |
||
| 999 |
_c27005 _d27005 |
||